[Event "Kolomna-ch 67th"]
[Site "Kolomna"]
[Date "2017.01.08"]
[Round "8"]
[White "Korochkin, Viktor"]
[Black "Gridnev, Aleksey"]
[Result "1-0"]
[WhiteElo "1913"]
[BlackElo "1305"]
[PlyCount "57"]
[EventDate "2016.12.24"]
[EventType "swiss"]
[EventRounds "10"]
[EventCountry "RUS"]
[SourceTitle "EXT 2019"]
[Source "ChessBase"]
[SourceDate "2018.10.10"]
[SourceVersion "1"]
[SourceVersionDate "2018.10.10"]
[SourceQuality "1"]

1. d4 d5 2. Nf3 Nf6 3. Bf4 e6 4. e3 Be7 5. Bd3 0-0 6. Nbd2 b6 7. Qe2 Bb7 8. c3 Nbd7 9. h3 c5 10. g4 c4 11. Bc2 b5 12. g5 Nh5 13. h4 Nxf4 14. exf4 g6 15. h5 Qb6 16. 0-0-0 a5 17. Rdg1 b4 18. Nb1 a4 19. cxb4 Bxb4 20. a3 Be7 21. Rh4 Kg7 22. Ne5 Nxe5 23. fxe5 Qd8 24. f4 Qb6 25. hxg6 hxg6 26. Rh7+ Kxh7 27. Qh2+ Kg8 28. Rh1 f5 29. Qh7# 1-0

[Event "Kolomna-ch 67th"]
[Site "Kolomna"]
[Date "2017.01.06"]
[Round "6"]
[White "Korochkin, Viktor"]
[Black "Egorov, Valery"]
[Result "1-0"]
[WhiteElo "1913"]
[BlackElo "1672"]
[PlyCount "109"]
[EventDate "2016.12.24"]
[EventType "swiss"]
[EventRounds "10"]
[EventCountry "RUS"]
[SourceTitle "EXT 2019"]
[Source "ChessBase"]
[SourceDate "2018.10.10"]
[SourceVersion "1"]
[SourceVersionDate "2018.10.10"]
[SourceQuality "1"]

1. c4 e5 2. Nc3 Nc6 3. g3 a6 4. Bg2 Bc5 5. d3 Nge7 6. Nf3 h6 7. a3 d6 8. b4 Ba7 9. 0-0 0-0 10. Bb2 Nd4 11. e3 Ne6 12. d4 exd4 13. exd4 Ng6 14. Re1 Ng5 15. Nxg5 Qxg5 16. Ne4 Qf5 17. c5 d5 18. Nd2 c6 19. Nf3 Bb8 20. Bf1 Be6 21. Bd3 Qg4 22. Ne5 Nxe5 23. dxe5 Bc7 24. Qxg4 Bxg4 25. Kg2 Rfe8 26. f3 Be6 27. f4 g6 28. a4 Kg7 29. b5 axb5 30. axb5 Ba5 31. Rf1 Red8 32. f5 gxf5 33. Bxf5 Bxf5 34. Rxf5 d4 35. bxc6 bxc6 36. Rf4 Bc3 37. Bxc3 dxc3 38. Rxa8 Rxa8 39. Rc4 Ra2+ 40. Kf3 c2 41. Ke3 Kg6 42. Ke4 Kg5 43. Rc3 Kg4 44. h3+ Kxh3 45. Kf5 Ra3 46. Rxc2 Rxg3 47. Kf6 Rf3+ 48. Ke7 Re3 49. Kd6 h5 50. Rf2 Kg4 51. Rxf7 h4 52. e6 h3 53. Rh7 Kf5 54. Rf7+ Kg6 55. Rf2 1-0

[Event "Kolomna-ch 67th"]
[Site "Kolomna"]
[Date "2016.12.24"]
[Round "1"]
[White "Aleksashin, Vladimir"]
[Black "Korochkin, Viktor"]
[Result "0-1"]
[WhiteElo "1411"]
[BlackElo "1913"]
[PlyCount "91"]
[EventDate "2016.12.24"]
[EventType "swiss"]
[EventRounds "10"]
[EventCountry "RUS"]
[SourceTitle "EXT 2019"]
[Source "ChessBase"]
[SourceDate "2018.10.10"]
[SourceVersion "1"]
[SourceVersionDate "2018.10.10"]
[SourceQuality "1"]

1. d4 Nf6 2. c4 e6 3. Nf3 d5 4. e3 c6 5. Bd3 b6 6. 0-0 Bd6 7. Nc3 0-0 8. Re1 Nbd7 9. e4 dxe4 10. Nxe4 Nxe4 11. Bxe4 Bb7 12. Ng5 Nf6 13. Bf3 Qc7 14. g3 h6 15. Ne4 Nxe4 16. Bxe4 f5 17. Bg2 e5 18. dxe5 Bxe5 19. Rb1 Rad8 20. Qe2 Rfe8 21. Qh5 Qf7 22. Qxf7+ Kxf7 23. b3 Bc3 24. Rxe8 Rd1+ 25. Bf1 Kxe8 26. f3 Bd2 27. Bxd2 Rxb1 28. Bc3 Kf7 29. Kf2 Rc1 30. Be5 Rc2+ 31. Ke3 Rxa2 32. h4 Ra3 33. Kf4 c5 34. Bb8 Rxb3 35. Be2 a5 36. g4 fxg4 37. fxg4 a4 38. g5 hxg5+ 39. hxg5 g6 40. Bd1 Rb4 41. Ke5 a3 42. Bg4 a2 43. Be6+ Kg7 44. Kf4 a1Q 45. Be5+ Qxe5+ 46. Kxe5 0-1

[Event "Kolomna-ch"]
[Site "Kolomna"]
[Date "2010.02.06"]
[Round "8"]
[White "Beskov, Vladimir Alekseevic"]
[Black "Korochkin, Viktor"]
[Result "1-0"]
[WhiteElo "2184"]
[BlackElo "2074"]
[PlyCount "67"]
[EventDate "2010.01.10"]
[EventType "tourn"]
[EventRounds "13"]
[EventCountry "RUS"]
[SourceTitle "EXT 2011"]
[Source "ChessBase"]
[SourceDate "2010.11.26"]
[SourceVersion "1"]
[SourceVersionDate "2010.11.26"]
[SourceQuality "1"]

1. d4 d5 2. Nf3 Nf6 3. Bg5 Ne4 4. Bf4 c5 5. dxc5 Qa5+ 6. c3 Qxc5 7. e3 e6 8. Nbd2 Be7 9. Bd3 Nxd2 10. Nxd2 Nd7 11. e4 dxe4 12. Nxe4 Qb6 13. Qc2 Nc5 14. Nxc5 Bxc5 15. 0-0 h6 16. Rad1 0-0 17. Rd2 Be7 18. Rfd1 Bg5 19. Bxg5 hxg5 20. Bh7+ Kh8 21. Rd6 Qc7 22. Be4 f5 23. Bf3 g4 24. Be2 b6 25. Qd2 Bb7 26. Rd7 Qc6 27. Bf1 f4 28. Qd4 Rf6 29. Qe5 Raf8 30. Qh5+ Kg8 31. Qxg4 R6f7 32. R7d6 Qa4 33. Qxe6 Qe4 34. Qxe4 1-0

[Event "Kolomna-ch"]
[Site "Kolomna"]
[Date "2010.01.23"]
[Round "4"]
[White "Chernyshov, Aleksandr"]
[Black "Korochkin, Viktor"]
[Result "0-1"]
[WhiteElo "2147"]
[BlackElo "2074"]
[PlyCount "62"]
[EventDate "2010.01.10"]
[EventType "tourn"]
[EventRounds "13"]
[EventCountry "RUS"]
[SourceTitle "EXT 2011"]
[Source "ChessBase"]
[SourceDate "2010.11.26"]
[SourceVersion "1"]
[SourceVersionDate "2010.11.26"]
[SourceQuality "1"]

1. d4 Nf6 2. c4 g6 3. Nc3 d5 4. Bg5 Ne4 5. Bh4 c5 6. f3 Nxc3 7. bxc3 Bg7 8. e3 Nc6 9. Qc2 0-0 10. cxd5 Qxd5 11. Bb5 cxd4 12. Bxc6 bxc6 13. cxd4 e5 14. Ne2 exd4 15. exd4 Ba6 16. 0-0 Rfe8 17. Rfe1 Rxe2 18. Rxe2 Bxe2 19. Re1 Bxd4+ 20. Kh1 Bb5 21. Bg3 c5 22. Qb1 c4 23. Qc2 c3 24. Rc1 Re8 25. Qd1 Qc4 26. h4 Ba4 27. Qf1 Qxf1+ 28. Rxf1 c2 29. Bf4 Be3 30. Bxe3 Rxe3 31. Kh2 Rd3 0-1

[Event "Kolomna-ch final 59th"]
[Site "Kolomna"]
[Date "2009.02.08"]
[Round "9"]
[White "Korochkin, Viktor"]
[Black "Chernyshov, Aleksandr"]
[Result "0-1"]
[WhiteElo "2076"]
[BlackElo "2163"]
[PlyCount "78"]
[EventDate "2009.01.08"]
[EventType "tourn"]
[EventRounds "13"]
[EventCountry "RUS"]
[SourceTitle "EXT 2022"]
[Source "ChessBase"]
[SourceDate "2021.10.06"]
[SourceVersion "1"]
[SourceVersionDate "2021.10.06"]
[SourceQuality "1"]

1. e4 c5 2. Nf3 e6 3. d4 cxd4 4. Nxd4 a6 5. c4 Nf6 6. Bd3 Qc7 7. 0-0 b6 8. Qe2 d6 9. f4 Nbd7 10. Nb3 Bb7 11. Nc3 Be7 12. Be3 Bc6 13. Rac1 Nc5 14. Nxc5 bxc5 15. Bf2 Nd7 16. Qg4 0-0 17. Bh4 Nf6 18. Qh3 h6 19. Rce1 Nh7 20. e5 dxe5 21. fxe5 Rad8 22. Re3 Ng5 23. Qg4 Rd4 24. Rf4 Rfd8 25. Nd5 Bxd5 26. cxd5 R8xd5 27. Rxd4 Rxd4 28. Be4 Qd8 29. Bxg5 Bxg5 30. Re1 Rd2 31. Kh1 Qd4 32. h4 Qf2 33. Rg1 Qxh4+ 34. Qxh4 Bxh4 35. Kh2 Rxb2 36. Kh3 Bf2 37. Rd1 Bd4 38. a4 g6 39. Kg4 Kg7 0-1

[Event "Kolomna-ch final 59th"]
[Site "Kolomna"]
[Date "2009.02.04"]
[Round "8"]
[White "Velikanov, Igor"]
[Black "Korochkin, Viktor"]
[Result "1-0"]
[WhiteElo "2292"]
[BlackElo "2076"]
[PlyCount "91"]
[EventDate "2009.01.08"]
[EventType "tourn"]
[EventRounds "13"]
[EventCountry "RUS"]
[SourceTitle "EXT 2022"]
[Source "ChessBase"]
[SourceDate "2021.10.06"]
[SourceVersion "1"]
[SourceVersionDate "2021.10.06"]
[SourceQuality "1"]

1. d4 d5 2. Nf3 Nf6 3. c4 c6 4. Nc3 e6 5. e3 Nbd7 6. Bd3 dxc4 7. Bxc4 b5 8. Bd3 a6 9. e4 c5 10. d5 exd5 11. exd5 Bd6 12. 0-0 0-0 13. Bg5 Qc7 14. Rc1 Bf4 15. Bxf4 Qxf4 16. Bb1 Bb7 17. Qd3 g6 18. Rfd1 Qd6 19. a4 b4 20. Ne4 Nxe4 21. Qxe4 Rac8 22. Ba2 Rfe8 23. Qd3 a5 24. Bc4 Nb6 25. Ba6 Bxa6 26. Qxa6 Ra8 27. Qb5 Rec8 28. Nd2 f5 29. Nc4 Nxc4 30. Qxc4 Rc7 31. Re1 Rd8 32. Rcd1 Kf8 33. g3 Re7 34. Rxe7 Qxe7 35. Qb5 Qc7 36. Qc4 Qd6 37. b3 Kg7 38. Qb5 Qc7 39. Kg2 Rd6 40. Qe8 Qd7 41. Qe5+ Kh6 42. h4 Qd8 43. h5 Kg5 44. h6 Kxh6 45. Rh1+ Kg5 46. f4+ 1-0

[Event "Kolomna-ch final 59th"]
[Site "Kolomna"]
[Date "2009.01.08"]
[Round "1"]
[White "Kovpak, Igor"]
[Black "Korochkin, Viktor"]
[Result "0-1"]
[WhiteElo "2091"]
[BlackElo "2076"]
[PlyCount "68"]
[EventDate "2009.01.08"]
[EventType "tourn"]
[EventRounds "13"]
[EventCountry "RUS"]
[SourceTitle "EXT 2022"]
[Source "ChessBase"]
[SourceDate "2021.10.06"]
[SourceVersion "1"]
[SourceVersionDate "2021.10.06"]
[SourceQuality "1"]

1. d4 d5 2. c4 c6 3. Nc3 Nf6 4. e3 e6 5. Nf3 Nbd7 6. Qc2 Bd6 7. g4 Nxg4 8. Rg1 Nxh2 9. Nxh2 Bxh2 10. Rxg7 Nf8 11. Rg2 Bc7 12. Bd2 Bd7 13. 0-0-0 Qf6 14. e4 Bf4 15. cxd5 cxd5 16. Rg4 Bxd2+ 17. Qxd2 Ng6 18. exd5 0-0 19. Bg2 Rac8 20. Rh1 exd5 21. Rg3 Be6 22. Bh3 Rc4 23. f4 Bxh3 24. Rhxh3 Rxd4 25. Nxd5 Qc6+ 26. Qc3 Rxd5 27. Qxc6 bxc6 28. Ra3 Rfd8 29. Rxa7 Rc5+ 30. Rc3 Rxc3+ 31. bxc3 Nxf4 32. Rc7 Ra8 33. Kb2 Ra6 34. Kb3 h5 0-1

[Event "Kolomna City-ch"]
[Site "Kolomna"]
[Date "2008.01.20"]
[Round "5"]
[White "Borgovich, Anton"]
[Black "Korochkin, Viktor"]
[Result "1-0"]
[WhiteElo "2046"]
[BlackElo "2161"]
[PlyCount "55"]
[EventDate "2008.01.08"]
[EventType "tourn"]
[EventRounds "15"]
[EventCountry "RUS"]
[SourceTitle "EXT 2009"]
[Source "ChessBase"]
[SourceDate "2008.11.26"]
[SourceVersion "1"]
[SourceVersionDate "2008.11.26"]
[SourceQuality "1"]

1. Nf3 d5 2. d4 Nf6 3. c4 c6 4. Nc3 dxc4 5. a4 Bf5 6. Ne5 e6 7. Nxc4 Bb4 8. e3 Ne4 9. Qb3 a5 10. Nd2 0-0 11. Be2 Qh4 12. 0-0 Nxd2 13. Bxd2 Bd6 14. f4 Qe7 15. e4 Bg6 16. e5 Bb4 17. h3 Nd7 18. g4 h6 19. Kh2 Nb6 20. f5 exf5 21. gxf5 Bh7 22. Ne4 Bxd2 23. Nxd2 Nd5 24. Ne4 Rad8 25. Qg3 Kh8 26. Bc4 Nb6 27. f6 gxf6 28. exf6 1-0

[Event "Kolomna City-ch"]
[Site "Kolomna"]
[Date "2008.01.16"]
[Round "4"]
[White "Korochkin, Viktor"]
[Black "Beskov, Vladimir Alekseevic"]
[Result "0-1"]
[WhiteElo "2161"]
[BlackElo "2161"]
[PlyCount "73"]
[EventDate "2008.01.08"]
[EventType "tourn"]
[EventRounds "15"]
[EventCountry "RUS"]
[SourceTitle "EXT 2009"]
[Source "ChessBase"]
[SourceDate "2008.11.26"]
[SourceVersion "1"]
[SourceVersionDate "2008.11.26"]
[SourceQuality "1"]

1. e4 c6 2. d4 d5 3. f3 g6 4. e5 h5 5. Bd3 Bh6 6. Nd2 b6 7. Qe2 a5 8. c3 e6 9. Qf2 Ba6 10. Bxa6 Nxa6 11. Nf1 c5 12. Ne2 Rc8 13. Bxh6 Nxh6 14. Ne3 b5 15. 0-0 Nf5 16. Nxf5 gxf5 17. Qg3 Qe7 18. Rfd1 Kd7 19. dxc5 h4 20. Qf2 Qxc5 21. Qxc5 Nxc5 22. Nd4 Rb8 23. h3 Kc7 24. b3 Nd7 25. f4 Nc5 26. Rac1 Ne4 27. c4 dxc4 28. bxc4 b4 29. Nb5+ Kc6 30. Nd6 Nc3 31. Rd2 Rhd8 32. Rcc2 Rd7 33. Rb2 Na4 34. Rbc2 Nc5 35. Rb2 Rbd8 36. Re2 f6 37. Nb5 0-1

[Event "Kolomna City-ch"]
[Site "Kolomna"]
[Date "2008.01.13"]
[Round "3"]
[White "Perlovskiy, Viktor"]
[Black "Korochkin, Viktor"]
[Result "1-0"]
[WhiteElo "2040"]
[BlackElo "2161"]
[PlyCount "121"]
[EventDate "2008.01.08"]
[EventType "tourn"]
[EventRounds "15"]
[EventCountry "RUS"]
[SourceTitle "EXT 2009"]
[Source "ChessBase"]
[SourceDate "2008.11.26"]
[SourceVersion "1"]
[SourceVersionDate "2008.11.26"]
[SourceQuality "1"]

1. d4 d5 2. c4 c6 3. e3 Nf6 4. Qc2 e6 5. Nf3 Bb4+ 6. Nc3 Ne4 7. Bd3 Qa5 8. Bxe4 dxe4 9. Nd2 f5 10. 0-0 0-0 11. c5 Qd8 12. f3 exf3 13. Rxf3 Ba5 14. Nc4 Bc7 15. Bd2 Nd7 16. Raf1 Nf6 17. Be1 Ng4 18. Bg3 Bxg3 19. Rxg3 b6 20. h3 Ba6 21. Ne2 Nf6 22. Nd6 Bxe2 23. Qxe2 Ne8 24. Nxe8 Qxe8 25. e4 Qd7 26. Rd3 fxe4 27. Rxf8+ Rxf8 28. Qxe4 Rf6 29. b4 b5 30. Ra3 Qb7 31. Qe5 h6 32. Rg3 Kf7 33. Qd6 Qc8 34. Ra3 a6 35. Re3 Kg8 36. Qe7 Qf8 37. Qxf8+ Kxf8 38. Ra3 Rf7 39. Rxa6 Rc7 40. Kf2 Kf7 41. Ke3 Kf6 42. Ke4 h5 43. h4 Ke7 44. Ke5 Kd7 45. Ra8 Ke7 46. Rg8 Kf7 47. Rd8 Ra7 48. Rc8 Rxa2 49. Rc7+ Kg6 50. Rxc6 Re2+ 51. Kd6 Kf5 52. Rc8 Rxg2 53. Rf8+ Ke4 54. c6 Kxd4 55. c7 Rc2 56. c8Q Rxc8 57. Rxc8 e5 58. Rg8 e4 59. Rxg7 e3 60. Re7 Kd3 61. Kc5 1-0

[Event "Kolomna-ch sf-B 58th"]
[Site "Kolomna"]
[Date "2007.10.17"]
[Round "3"]
[White "Korochkin, Viktor"]
[Black "Lukianova, Vera"]
[Result "1/2-1/2"]
[WhiteElo "2186"]
[BlackElo "1856"]
[PlyCount "65"]
[EventDate "2007.10.10"]
[EventType "tourn"]
[EventRounds "9"]
[EventCountry "RUS"]
[SourceTitle "EXT 2022"]
[Source "ChessBase"]
[SourceDate "2021.10.06"]
[SourceVersion "1"]
[SourceVersionDate "2021.10.06"]
[SourceQuality "1"]

1. e4 d5 2. exd5 Nf6 3. d4 Nxd5 4. c4 Nb6 5. Nc3 g6 6. Be3 Bg7 7. Nge2 0-0 8. Qd2 Nxc4 9. Qc1 Nxe3 10. fxe3 Nc6 11. Ng3 e6 12. Bc4 Na5 13. Be2 Nc6 14. Qd2 Bh6 15. Bf3 Qg5 16. Kf2 Bd7 17. Nce4 Qd8 18. Nc5 Rb8 19. Rac1 Be8 20. Nxb7 Rxb7 21. Bxc6 Bxc6 22. Rxc6 Qd5 23. Ra6 Qb5 24. Qe2 Qxb2 25. Qxb2 Rxb2+ 26. Kf3 Ra8 27. Rc1 Rb6 28. Ra4 Rb7 29. Rac4 Rc8 30. R1c2 Bf8 31. e4 Kg7 32. e5 Be7 33. Ne4 1/2-1/2